00547nam a2200169Ia 4500008004100000082001700041100002400058245004800082250000800130260003200138300001300170500002400183650001500207942000700222952013100229999001700360230524s9999 xx 000 0 und d a574.191bDAU aMichel Daune923449 0aMolecular Biophysics : Structures in Motion a1ST aNEW DELHIbOxford Pubc2004 aXXII;493 aQuantity Number: 1 aBiomedical cBK 00104070aTATCLbTATCLcGENd2023-05-24l1o574.191 DAUp10090q2015-06-01r2024-02-02s2024-02-02w2023-05-24yBKzBSCM2201 c35026d35026